| 000 | 01023nam a22003137a 4500 | ||
|---|---|---|---|
| 003 | CHAP | ||
| 005 | 20220817044012.0 | ||
| 008 | 050302s2003 it r 00010 eng d | ||
| 010 | _a89751 | ||
| 011 | _a90723 | ||
| 020 | _a925105021X | ||
| 035 | _a101280 | ||
| 040 | _cCHAP | ||
| 082 | 1 | 0 |
_a639.2 _bF46 v.718 |
| 110 | 2 | _aFAO | |
| 245 | 1 | 0 |
_aReport of the FAO/CIFA/NACA expert consultation on the intensification of food production in low income food deficit countries through aquaculture _c/by FAO |
| 260 |
_aRome : _bFAO, _c2003. |
||
| 300 | _a58 p. | ||
| 490 | 0 |
_aFAO. Informe de pesca _v; 718 |
|
| 590 |
_aBATCH-UPD _b10 _c20130110 _lUCH01 _h1045 |
||
| 590 |
_aCONVERSION _b10 _c20130109 _lUCH01 _h1350 |
||
| 650 | 1 | 4 |
_aAcuicultura _xAsia. _9759 |
| 650 | 1 | 4 |
_aAlimentos _xAbastecimiento _zAsia. _94148 |
| 830 | 0 |
_aFAO. Informe de pesca _v; 718 _939587 |
|
| 901 | _aBK | ||
| 905 | _aAlejandra Carrasco M. | ||
| 942 | _cLIBRO | ||
| 949 |
_a639.2 F46 v.718 _bBC _cFAO _d33724000795324 _eFAO1 _gDonaciØn _h104980 _i101280 _sb |
||
| 999 |
_c89751 _d89751 |
||